000 00294nam a2200109Ia 4500
008 190914s9999||||xx |||||||||||||| ||und||
100 _aDr.Haluk Nurbaki
245 0 _aVerses From The Holy Koran and the Facts of Science
260 _aNew Jersey
_bPrentice Hall
_c1996
300 _a176
942 _cBK
999 _c9396
_d9396